000 006360000a22002050004500
020 _a970-07-4033-1
041 0 _aSPA
082 0 4 _aG 372.1 P 476c
100 1 _aPestalozzi, Juan Enrique (Johann Heinrich) (1746-1827)
245 1 0 _aCómo Gertrudis enseña a sus hijos, Cartas sobre la educación de los niños, Libros de educación elemental (prólogos) / Juan Enrique Pestalozzi
250 _a7
260 _aMéxico : Porrúa
300 _a274 Pág.
650 1 4 _aEDUCACION
001 14486
942 _cBK
999 _c43347
_d43347
336 _atexto
_btxt
_2rdacontent
337 _2rdamedia
_asin mediación
_bn
338 _2rdacarrier
_avolumen
_bnc